|
|
|
|
| LEADER |
01154nam a2200289 a 4500 |
| 001 |
1110276 |
| 008 |
091027s1994 enk 001 0 eng d |
| 010 |
|
|
|a 93087485
|
| 020 |
|
|
|a 0803977123 (cased)
|
| 020 |
|
|
|a 0803977131 (pbk) :
|c £14.95
|
| 040 |
|
|
|a Uk
|c Uk
|d DLC
|
| 082 |
0 |
0 |
|a 350.000941
|2 20
|
| 245 |
0 |
0 |
|a Public sector management :
|b theory, critique and practice /
|c edited by David McKevitt and Alan Lawton.
|
| 260 |
|
|
|a London ;
|a Thousand Oaks :
|b Sage,
|c 1994.
|
| 300 |
|
|
|a x, 306 p. :
|b ill. ;
|c 24 cm.
|
| 504 |
|
|
|a Includes bibliographies and index.
|
| 541 |
1 |
|
|e 00012651
|
| 500 |
|
|
|a "B887 reader"--P. [4] of cover.
|
| 500 |
|
|
|a Published in association with the Open University.
|
| 650 |
|
0 |
|a Public administration.
|
| 651 |
|
0 |
|a Great Britain
|x Politics and government.
|
| 700 |
1 |
|
|a McKevitt, David.
|
| 700 |
1 |
|
|a Lawton, Alan.
|
| 710 |
2 |
|
|a Open University.
|
| 852 |
4 |
|
|a Ayesha Abed Library
|j General Shelf.
|
| 999 |
|
|
|c 4894
|d 4894
|
| 952 |
|
|
|0 0
|1 0
|2 ddc
|4 0
|6 350_000941000000000_PUB
|7 0
|9 4718
|a BRACUL
|b BRACUL
|c GEN
|d 2009-10-28
|g 0.00
|l 0
|o 350.000941 PUB
|p 3010012651
|r 2009-10-28
|t 1
|w 2009-10-28
|y BK
|x No price found in the accession register.
|